00573nam a2200205 a 4500001001300000003000900013005001700022008004100039020002200080082001700102100001700119245007500136260004600211300000900257500003500266505001000301650001800311650002100329700001700350nice12345678IN_TiNIC20260116013307.0050524s1997 noia grp 000 0 eng  a8172234 c9500a791.437bMAS aMasud, Iqbal aDream Merchants, Politicians and Partitionb Memoirs of Indian Muslims aNoida bHaraper Collins Publishers c1997 a152p aincludes index and biblioraphy2 aindex aMuslims-India aActors-Biography1 aMasud, Iqbal